Paesi Africani - Digita la prima lettera - Statistics

Statistiche generali
  • Questo quiz è stato fatto 13.149 volte
  • Il punteggio medio è 29 su 54
Risposte nella Mappa
Le risposte nella mappa del quiz sottostante sono codificate secondo una scala di colori dal rosso al verde in base alla % di persone che hanno risposto correttamente.
 
Statistiche sulle risposte
Paesi % Corretto
Egitto
57%
Repubblica Democratica del Congo
56%
Madagascar
56%
Mozambico
56%
Repubblica Centrafricana
56%
Sudafrica
56%
Algeria
55%
Angola
55%
Capo Verde
55%
Ciad
55%
Repubblica del Congo
55%
Eritrea
55%
Eswatini
55%
Etiopia
55%
Gambia
55%
Lesotho
55%
Libia
55%
Mali
55%
Marocco
55%
Mauritania
55%
Mauritius
55%
Niger
55%
Senegal
55%
Seychelles
55%
Somalia
55%
Sudan
55%
Sudan del Sud
55%
Tanzania
55%
Togo
55%
Tunisia
55%
Camerun
54%
Comore
54%
Costa d'Avorio
54%
Gabon
54%
Ghana
54%
Gibuti
54%
Guinea-Bissau
54%
Guinea Equatoriale
54%
Kenia
54%
Malawi
54%
Namibia
54%
Nigeria
54%
Ruanda
54%
Uganda
54%
Zambia
54%
Benin
53%
Botswana
53%
Burkina Faso
53%
Burundi
53%
São Tomé e Príncipe
53%
Sierra Leone
53%
Zimbabwe
53%
Guinea
52%
Liberia
52%
Nessun quiz corrispondente trovato
Distribuzione punteggi
Percentuale di utenti per punteggio
Percentile per numero di risposta
I tuoi punteggi nel tempo
Non hai fatto questo quiz